41 Star Wars Background Characters in Return of the Jedi - Statistics

General Stats
  • This quiz has been taken 11 times
    6 since last reset
  • The average score is 5 of 41
Answer Stats
Background character % Correct
Bib Fortuna
80%
Mon Mothma
60%
Nien Nunb
60%
Klaatu
40%
Logray
40%
Max Rebo
40%
Barada
20%
Bossk
20%
Ephant Mon
20%
Firmus Piett
20%
Gial Ackbar
20%
Kithaba
20%
Lando Calrissian
20%
Oola
20%
Vizam
20%
Wedge Antilles
20%
Wooof
20%
Chief Chirpa
0%
Fozec
0%
Gailid
0%
Geezum
0%
Jess
0%
Leia Organa
0%
Luke Skywalker
0%
Nik Sant
0%
Nysad
0%
Pote Snitkin
0%
Queequeg
0%
Rogua
0%
Romba
0%
Sheev Palpatine
0%
Sim Aloo
0%
Taym Dren-garen
0%
Thok
0%
Tokkat
0%
Vedain
0%
Velken Tezeri
0%
Wicket W. Warrick
0%
Yarna D'al' Gargan
0%
Yotts Orren
0%
Yoxgit
0%
No matching quizzes found
Score Distribution
Percent of People with Each Score
Percentile by Number Answered
Your Score History
You have not taken this quiz since the last reset